[Event "World Cup 2017"]
[Site "Tbilisi"]
[Date "2017.09.08"]
[Round "12.15"]
[White "Harikrishna P. (IND)"]
[Black "Sethuraman S.P. (IND)"]
[Result "0-1"]
[BlackElo "2617"]
[WhiteElo "2741"]
[LiveChessVersion "1.4.8"]

1. e4 {[%clk 0:25:18]} e5 {[%clk 0:25:19]} 2. Nf3 {[%clk 0:25:26]} Nc6
{[%clk 0:25:28]} 3. Bc4 {[%clk 0:25:35]} Bc5 {[%clk 0:25:36]} 4. c3
{[%clk 0:25:43]} Nf6 {[%clk 0:25:44]} 5. d3 {[%clk 0:25:52]} O-O {[%clk 0:25:52]}
6. a4 {[%clk 0:25:45]} d5 {[%clk 0:25:19]} 7. exd5 {[%clk 0:25:51]} Nxd5
{[%clk 0:25:27]} 8. a5 {[%clk 0:25:36]} a6 {[%clk 0:25:31]} 9. O-O
{[%clk 0:25:37]} Bf5 {[%clk 0:25:22]} 10. Bg5 {[%clk 0:23:35]} Be7
{[%clk 0:23:46]} 11. Bxe7 {[%clk 0:22:05]} Ndxe7 {[%clk 0:23:54]} 12. Nh4
{[%clk 0:22:14]} Be6 {[%clk 0:23:07]} 13. Nd2 {[%clk 0:20:28]} Nd5
{[%clk 0:21:56]} 14. g3 {[%clk 0:19:26]} Nf4 {[%clk 0:21:26]} 15. Ndf3
{[%clk 0:17:51]} Bxc4 {[%clk 0:19:40]} 16. dxc4 {[%clk 0:17:59]} Ne6
{[%clk 0:19:32]} 17. Re1 {[%clk 0:15:58]} Qxd1 {[%clk 0:18:56]} 18. Raxd1
{[%clk 0:16:07]} f6 {[%clk 0:17:11]} 19. b4 {[%clk 0:16:16]} Rad8
{[%clk 0:17:20]} 20. Nd2 {[%clk 0:15:51]} Kf7 {[%clk 0:14:58]} 21. Nb3
{[%clk 0:15:14]} Ne7 {[%clk 0:14:14]} 22. Kf1 {[%clk 0:14:18]} g5
{[%clk 0:14:00]} 23. Ng2 {[%clk 0:14:19]} Nf5 {[%clk 0:14:00]} 24. Rd5
{[%clk 0:13:30]} Nd6 {[%clk 0:13:47]} 25. c5 {[%clk 0:11:22]} Nb5
{[%clk 0:13:47]} 26. c4 {[%clk 0:11:15]} Nc3 {[%clk 0:12:23]} 27. Rxd8
{[%clk 0:10:29]} Rxd8 {[%clk 0:12:31]} 28. Ne3 {[%clk 0:09:44]} Rd3
{[%clk 0:11:55]} 29. Nc1 {[%clk 0:09:15]} Rd2 {[%clk 0:11:07]} 30. Ne2
{[%clk 0:09:24]} Na2 {[%clk 0:10:53]} 31. Nd5 {[%clk 0:06:11]} Rb2
{[%clk 0:09:59]} 32. f4 {[%clk 0:06:19]} gxf4 {[%clk 0:09:04]} 33. gxf4
{[%clk 0:06:28]} Nxb4 {[%clk 0:08:33]} 34. fxe5 {[%clk 0:06:08]} Nd3
{[%clk 0:08:17]} 35. Rd1 {[%clk 0:03:41]} Nxe5 {[%clk 0:08:25]} 36. Rc1
{[%clk 0:02:57]} c6 {[%clk 0:07:53]} 37. Ne3 {[%clk 0:02:50]} Nxc5
{[%clk 0:07:57]} 38. Rd1 {[%clk 0:02:31]} Rb3 {[%clk 0:08:05]} 39. Nc2
{[%clk 0:02:17]} Nxc4 {[%clk 0:07:28]} 40. Rd8 {[%clk 0:02:10]} Ne3+
{[%clk 0:07:13]} 41. Nxe3 {[%clk 0:02:19]} Rxe3 {[%clk 0:07:21]} 42. Ng3
{[%clk 0:02:09]} Ra3 {[%clk 0:06:39]} 43. Rh8 {[%clk 0:02:10]} Kg7
{[%clk 0:06:47]} 44. Re8 {[%clk 0:02:16]} Rxa5 {[%clk 0:06:48]} 45. h4
{[%clk 0:02:24]} Ra3 {[%clk 0:06:39]} 46. Kg2 {[%clk 0:02:04]} Rd3
{[%clk 0:06:47]} 47. Re7+ {[%clk 0:02:05]} Kg6 {[%clk 0:04:47]} 48. h5+
{[%clk 0:01:58]} Kh6 {[%clk 0:04:26]} 49. Kh3 {[%clk 0:01:22]} Kg5
{[%clk 0:04:25]} 50. Rg7+ {[%clk 0:01:04]} Kf4 {[%clk 0:04:20]} 51. Kh4
{[%clk 0:00:48]} Rd7 {[%clk 0:04:19]} 52. h6 {[%clk 0:00:48]} a5 {[%clk 0:03:55]}
53. Ne2+ {[%clk 0:00:48]} Ke5 {[%clk 0:03:54]} 54. Nc3 {[%clk 0:00:26]} b5
{[%clk 0:03:49]} 55. Rg1 {[%clk 0:00:31]} b4 {[%clk 0:03:47]} 56. Re1+
{[%clk 0:00:33]} Kd6 {[%clk 0:03:49]} 57. Ne2 {[%clk 0:00:36]} b3
{[%clk 0:03:57]} 58. Nd4 {[%clk 0:00:35]} a4 {[%clk 0:03:58]} 59. Rc1
{[%clk 0:00:40]} b2 {[%clk 0:03:57]} 60. Rb1 {[%clk 0:00:48]} Rb7
{[%clk 0:03:50]} 61. Nc2 {[%clk 0:00:57]} Rb3 {[%clk 0:03:22]} 62. Kg4
{[%clk 0:01:06]} Ne4 {[%clk 0:03:21]} 0-1

[Event "World Cup 2017"]
[Site "Tbilisi"]
[Date "2017.09.08"]
[Round "12.17"]
[White "Cheparinov Ivan (BUL)"]
[Black "Navara David (CZE)"]
[Result "0-1"]
[BlackElo "2720"]
[WhiteElo "2695"]
[LiveChessVersion "1.4.8"]

1. e4 {[%clk 0:25:20]} e5 {[%clk 0:25:19]} 2. Nf3 {[%clk 0:25:29]} Nc6
{[%clk 0:25:28]} 3. d4 {[%clk 0:25:37]} exd4 {[%clk 0:25:36]} 4. Nxd4
{[%clk 0:25:47]} Bc5 {[%clk 0:25:45]} 5. Nb3 {[%clk 0:25:56]} Bb6
{[%clk 0:25:53]} 6. Nc3 {[%clk 0:26:04]} Nf6 {[%clk 0:25:58]} 7. Bg5
{[%clk 0:26:13]} h6 {[%clk 0:26:05]} 8. Bh4 {[%clk 0:26:21]} d6 {[%clk 0:26:13]}
9. f3 {[%clk 0:26:30]} O-O {[%clk 0:26:20]} 10. Qe2 {[%clk 0:26:37]} Be6
{[%clk 0:26:14]} 11. O-O-O {[%clk 0:26:40]} Re8 {[%clk 0:26:15]} 12. g4
{[%clk 0:26:16]} Qe7 {[%clk 0:26:07]} 13. Kb1 {[%clk 0:25:48]} a5
{[%clk 0:26:00]} 14. a4 {[%clk 0:25:00]} Rad8 {[%clk 0:24:58]} 15. Qg2
{[%clk 0:25:01]} Nb4 {[%clk 0:25:05]} 16. Nd4 {[%clk 0:21:56]} Bxd4
{[%clk 0:25:13]} 17. Rxd4 {[%clk 0:22:06]} c5 {[%clk 0:25:21]} 18. Rd1
{[%clk 0:21:55]} g5 {[%clk 0:25:27]} 19. Bg3 {[%clk 0:21:18]} d5 {[%clk 0:25:36]}
20. Bb5 {[%clk 0:20:21]} d4 {[%clk 0:25:36]} 21. Nd5 {[%clk 0:18:52]} Bxd5
{[%clk 0:24:47]} 22. exd5 {[%clk 0:19:00]} Nfxd5 {[%clk 0:24:49]} 23. Rde1
{[%clk 0:09:39]} Ne3 {[%clk 0:24:55]} 24. Qd2 {[%clk 0:09:49]} Qe6
{[%clk 0:24:08]} 25. b3 {[%clk 0:09:58]} c4 {[%clk 0:18:01]} 26. Bxe8
{[%clk 0:08:48]} cxb3 {[%clk 0:17:56]} 27. Rxe3 {[%clk 0:07:14]} bxc2+
{[%clk 0:18:03]} 28. Qxc2 {[%clk 0:05:45]} dxe3 {[%clk 0:18:07]} 0-1

[Event "World Cup 2017"]
[Site "Tbilisi"]
[Date "2017.09.08"]
[Round "12.19"]
[White "Andreikin Dmitry (RUS)"]
[Black "Matlakov Maxim (RUS)"]
[Result "1/2-1/2"]
[BlackElo "2728"]
[WhiteElo "2708"]
[LiveChessVersion "1.4.8"]

1. d4 {[%clk 0:25:17]} Nf6 {[%clk 0:25:18]} 2. Bf4 {[%clk 0:25:24]} c5
{[%clk 0:25:25]} 3. d5 {[%clk 0:25:32]} d6 {[%clk 0:25:24]} 4. Nc3
{[%clk 0:25:36]} e5 {[%clk 0:25:30]} 5. dxe6 {[%clk 0:25:18]} Bxe6
{[%clk 0:25:38]} 6. e4 {[%clk 0:25:26]} Nc6 {[%clk 0:25:40]} 7. Nf3
{[%clk 0:25:27]} d5 {[%clk 0:25:31]} 8. exd5 {[%clk 0:23:32]} Nxd5
{[%clk 0:25:37]} 9. Nxd5 {[%clk 0:23:30]} Qxd5 {[%clk 0:25:27]} 10. Qxd5
{[%clk 0:20:09]} Bxd5 {[%clk 0:25:35]} 11. O-O-O {[%clk 0:20:09]} O-O-O
{[%clk 0:25:40]} 12. Be2 {[%clk 0:18:16]} Bd6 {[%clk 0:24:14]} 13. Bg5
{[%clk 0:14:25]} Be7 {[%clk 0:24:11]} 14. Bxe7 {[%clk 0:14:16]} Nxe7
{[%clk 0:24:19]} 15. Rhe1 {[%clk 0:14:24]} Ng6 {[%clk 0:21:48]} 16. g3
{[%clk 0:14:24]} h6 {[%clk 0:20:28]} 17. Nd2 {[%clk 0:13:43]} Kc7
{[%clk 0:17:46]} 18. Bc4 {[%clk 0:12:18]} Rd7 {[%clk 0:15:57]} 19. f4
{[%clk 0:11:15]} Rhd8 {[%clk 0:15:39]} 20. Bxd5 {[%clk 0:10:27]} Rxd5
{[%clk 0:15:47]} 21. Nc4 {[%clk 0:09:58]} Rxd1+ {[%clk 0:12:13]} 22. Rxd1
{[%clk 0:10:07]} Rxd1+ {[%clk 0:12:17]} 23. Kxd1 {[%clk 0:10:15]} Kc6
{[%clk 0:11:18]} 24. Na5+ {[%clk 0:10:06]} Kb6 {[%clk 0:11:24]} 25. Nc4+
{[%clk 0:10:14]} Kc6 {[%clk 0:11:31]} 26. Ke2 {[%clk 0:09:13]} b5
{[%clk 0:10:23]} 27. Ne3 {[%clk 0:09:16]} Ne7 {[%clk 0:10:30]} 28. c4
{[%clk 0:08:48]} a6 {[%clk 0:07:57]} 29. Kd3 {[%clk 0:07:32]} f5 {[%clk 0:07:31]}
30. a3 {[%clk 0:06:21]} g6 {[%clk 0:07:06]} 31. g4 {[%clk 0:06:00]} Kd6
{[%clk 0:06:25]} 32. gxf5 {[%clk 0:05:20]} Nxf5 {[%clk 0:04:15]} 33. Nxf5+
{[%clk 0:02:56]} gxf5 {[%clk 0:04:24]} 34. b3 {[%clk 0:03:01]} Kc6
{[%clk 0:03:56]} 35. Kc3 {[%clk 0:02:59]} Kb6 {[%clk 0:03:12]} 36. b4
{[%clk 0:01:07]} Kc6 {[%clk 0:02:43]} 37. Kb3 {[%clk 0:01:08]} Kb6
{[%clk 0:02:35]} 38. Kc3 {[%clk 0:00:55]} Kc6 {[%clk 0:02:43]} 39. Kb3
{[%clk 0:01:04]} Kb6 {[%clk 0:02:51]} 1/2-1/2

[Event "World Cup 2017"]
[Site "Tbilisi"]
[Date "2017.09.08"]
[Round "12.21"]
[White "Najer Evgeniy (RUS)"]
[Black "Vitiugov Nikita (RUS)"]
[Result "1-0"]
[BlackElo "2728"]
[WhiteElo "2694"]
[LiveChessVersion "1.4.8"]

1. e4 {[%clk 0:25:19]} c5 {[%clk 0:25:19]} 2. Nf3 {[%clk 0:25:24]} a6
{[%clk 0:24:55]} 3. c3 {[%clk 0:24:47]} e6 {[%clk 0:24:19]} 4. d4
{[%clk 0:24:52]} d5 {[%clk 0:24:20]} 5. exd5 {[%clk 0:23:26]} Qxd5
{[%clk 0:24:23]} 6. Be2 {[%clk 0:22:52]} Nf6 {[%clk 0:23:20]} 7. O-O
{[%clk 0:22:59]} Be7 {[%clk 0:21:47]} 8. Be3 {[%clk 0:22:12]} cxd4
{[%clk 0:21:32]} 9. cxd4 {[%clk 0:20:39]} Nc6 {[%clk 0:21:31]} 10. Nc3
{[%clk 0:20:47]} Qd6 {[%clk 0:21:28]} 11. Qd2 {[%clk 0:20:04]} O-O
{[%clk 0:21:25]} 12. Bf4 {[%clk 0:20:10]} Qd8 {[%clk 0:21:16]} 13. Rfd1
{[%clk 0:17:39]} Nb4 {[%clk 0:21:13]} 14. Ne5 {[%clk 0:17:46]} Nfd5
{[%clk 0:18:36]} 15. Bf3 {[%clk 0:15:46]} f6 {[%clk 0:15:32]} 16. Nd3
{[%clk 0:14:51]} Nc6 {[%clk 0:15:32]} 17. Be3 {[%clk 0:13:37]} Nxe3
{[%clk 0:15:23]} 18. fxe3 {[%clk 0:13:45]} f5 {[%clk 0:14:15]} 19. Rac1
{[%clk 0:12:18]} Bg5 {[%clk 0:12:46]} 20. Qf2 {[%clk 0:11:51]} Kh8
{[%clk 0:11:42]} 21. Ne2 {[%clk 0:10:50]} Bh4 {[%clk 0:11:17]} 22. g3
{[%clk 0:10:33]} Bf6 {[%clk 0:11:08]} 23. a3 {[%clk 0:08:19]} Rb8
{[%clk 0:10:43]} 24. Nc5 {[%clk 0:07:07]} Qe7 {[%clk 0:08:16]} 25. Nf4
{[%clk 0:07:01]} Nd8 {[%clk 0:07:56]} 26. d5 {[%clk 0:04:53]} b6 {[%clk 0:07:22]}
27. d6 {[%clk 0:05:01]} Qf7 {[%clk 0:07:23]} 28. Ncd3 {[%clk 0:04:37]} e5
{[%clk 0:07:20]} 29. Rc7 {[%clk 0:04:14]} Qb3 {[%clk 0:06:20]} 30. d7
{[%clk 0:02:37]} Bb7 {[%clk 0:06:26]} 31. Nc1 {[%clk 0:01:52]} Qa4
{[%clk 0:03:24]} 32. Nd5 {[%clk 0:01:22]} e4 {[%clk 0:03:15]} 33. Nxf6
{[%clk 0:01:23]} exf3 {[%clk 0:03:07]} 34. Rd4 {[%clk 0:01:31]} Qb5
{[%clk 0:02:39]} 35. Ne8 {[%clk 0:01:30]} Ne6 {[%clk 0:01:29]} 36. Nd6
{[%clk 0:00:59]} Nxd4 {[%clk 0:00:39]} 37. Nxb5 {[%clk 0:00:58]} Nxb5
{[%clk 0:00:48]} 38. Rc2 {[%clk 0:00:57]} Nd6 {[%clk 0:00:28]} 39. Nb3
{[%clk 0:00:46]} Rbd8 {[%clk 0:00:26]} 40. Rc7 {[%clk 0:00:45]} Rf7
{[%clk 0:00:25]} 41. Nd4 {[%clk 0:00:23]} Rfxd7 {[%clk 0:00:32]} 42. Rxd7
{[%clk 0:00:31]} Rxd7 {[%clk 0:00:40]} 43. Nxf3 {[%clk 0:00:38]} Ne4
{[%clk 0:00:36]} 44. Qc2 {[%clk 0:00:38]} g6 {[%clk 0:00:29]} 45. Nd4
{[%clk 0:00:42]} Kg7 {[%clk 0:00:30]} 46. Qb3 {[%clk 0:00:40]} Rd6
{[%clk 0:00:20]} 47. Qc4 {[%clk 0:00:48]} Bd5 {[%clk 0:00:17]} 48. Qxa6
{[%clk 0:00:41]} Kh6 {[%clk 0:00:24]} 49. Qc8 {[%clk 0:00:45]} Kh5
{[%clk 0:00:27]} 50. Qc7 {[%clk 0:00:47]} h6 {[%clk 0:00:33]} 51. a4
{[%clk 0:00:47]} Kg4 {[%clk 0:00:37]} 52. Nb5 {[%clk 0:00:29]} Rc6
{[%clk 0:00:39]} 53. Qf4+ {[%clk 0:00:35]} Kh3 {[%clk 0:00:46]} 54. Qh4#
{[%clk 0:00:43]} 1-0

[Event "World Cup 2017"]
[Site "Tbilisi"]
[Date "2017.09.08"]
[Round "12.22"]
[White "Bacrot Etienne (FRA)"]
[Black "Bu Xiangzhi (CHN)"]
[Result "0-1"]
[BlackElo "2714"]
[WhiteElo "2728"]
[LiveChessVersion "1.4.8"]

1. e4 {[%clk 0:25:18]} e5 {[%clk 0:25:19]} 2. Nf3 {[%clk 0:25:27]} Nc6
{[%clk 0:25:28]} 3. Bb5 {[%clk 0:25:35]} a6 {[%clk 0:25:37]} 4. Ba4
{[%clk 0:25:44]} Nf6 {[%clk 0:25:46]} 5. O-O {[%clk 0:25:52]} Be7
{[%clk 0:25:55]} 6. d3 {[%clk 0:26:00]} b5 {[%clk 0:26:02]} 7. Bb3
{[%clk 0:26:09]} O-O {[%clk 0:26:10]} 8. Nc3 {[%clk 0:26:17]} d6 {[%clk 0:26:16]}
9. a3 {[%clk 0:26:25]} Bb7 {[%clk 0:25:04]} 10. Re1 {[%clk 0:26:19]} Re8
{[%clk 0:24:13]} 11. Ba2 {[%clk 0:25:23]} h6 {[%clk 0:23:46]} 12. h3
{[%clk 0:23:14]} Bf8 {[%clk 0:23:41]} 13. Be3 {[%clk 0:23:03]} Ne7
{[%clk 0:23:13]} 14. d4 {[%clk 0:21:56]} exd4 {[%clk 0:22:28]} 15. Bxd4
{[%clk 0:22:04]} Nc6 {[%clk 0:20:58]} 16. Be3 {[%clk 0:17:41]} Qd7
{[%clk 0:20:41]} 17. Nd5 {[%clk 0:16:50]} Nxd5 {[%clk 0:20:45]} 18. Bxd5
{[%clk 0:16:56]} Na5 {[%clk 0:20:07]} 19. Qd3 {[%clk 0:15:41]} c6
{[%clk 0:17:16]} 20. Ba2 {[%clk 0:15:48]} d5 {[%clk 0:15:35]} 21. Rad1
{[%clk 0:14:30]} Qc7 {[%clk 0:15:24]} 22. exd5 {[%clk 0:13:11]} cxd5
{[%clk 0:15:33]} 23. Bxd5 {[%clk 0:08:58]} Rad8 {[%clk 0:15:36]} 24. Qf5
{[%clk 0:09:06]} Bxd5 {[%clk 0:15:36]} 25. Rxd5 {[%clk 0:09:14]} Rxd5
{[%clk 0:15:44]} 26. Qxd5 {[%clk 0:09:23]} Qxc2 {[%clk 0:15:50]} 27. Qd7
{[%clk 0:04:58]} Qc8 {[%clk 0:15:36]} 28. Qxc8 {[%clk 0:04:59]} Rxc8
{[%clk 0:15:46]} 29. Kf1 {[%clk 0:04:55]} f6 {[%clk 0:15:15]} 30. Nd2
{[%clk 0:03:38]} Rc2 {[%clk 0:13:54]} 31. Rb1 {[%clk 0:03:47]} b4
{[%clk 0:14:03]} 32. axb4 {[%clk 0:03:19]} Bxb4 {[%clk 0:14:12]} 33. Nf3
{[%clk 0:02:29]} Nc4 {[%clk 0:07:56]} 34. Bd4 {[%clk 0:02:38]} a5
{[%clk 0:07:15]} 35. b3 {[%clk 0:02:47]} Nd6 {[%clk 0:06:29]} 36. Ra1
{[%clk 0:01:39]} Ne4 {[%clk 0:06:16]} 37. Bb6 {[%clk 0:01:19]} Kf7
{[%clk 0:04:46]} 38. Kg1 {[%clk 0:00:42]} g5 {[%clk 0:03:49]} 39. Bxa5
{[%clk 0:00:36]} Bc5 {[%clk 0:03:38]} 40. Be1 {[%clk 0:00:35]} Nxf2
{[%clk 0:03:32]} 41. Kf1 {[%clk 0:00:24]} Nd3 {[%clk 0:03:04]} 42. Bd2
{[%clk 0:00:33]} Rb2 {[%clk 0:02:34]} 43. Ra6 {[%clk 0:00:24]} Rxb3
{[%clk 0:02:25]} 44. Ke2 {[%clk 0:00:33]} h5 {[%clk 0:02:17]} 45. Rc6
{[%clk 0:00:28]} Bb4 {[%clk 0:00:50]} 46. Bxb4 {[%clk 0:00:17]} Nf4+
{[%clk 0:00:53]} 47. Kf2 {[%clk 0:00:20]} Rxb4 {[%clk 0:01:02]} 48. Rc2
{[%clk 0:00:28]} g4 {[%clk 0:00:38]} 49. hxg4 {[%clk 0:00:36]} hxg4
{[%clk 0:00:47]} 50. Ng1 {[%clk 0:00:45]} Rb3 {[%clk 0:00:53]} 51. Ne2
{[%clk 0:00:24]} Nd3+ {[%clk 0:00:54]} 52. Kg3 {[%clk 0:00:27]} f5
{[%clk 0:00:38]} 53. Rc3 {[%clk 0:00:34]} Rxc3 {[%clk 0:00:43]} 54. Nxc3
{[%clk 0:00:42]} Kf6 {[%clk 0:00:51]} 55. Kh4 {[%clk 0:00:33]} Ke5
{[%clk 0:00:57]} 56. Kg5 {[%clk 0:00:32]} Ne1 {[%clk 0:00:44]} 57. g3
{[%clk 0:00:38]} Nf3+ {[%clk 0:00:51]} 58. Kg6 {[%clk 0:00:40]} Nd2
{[%clk 0:00:53]} 59. Ne2 {[%clk 0:00:36]} Ne4 {[%clk 0:00:59]} 60. Kh5
{[%clk 0:00:40]} Kf6 {[%clk 0:01:06]} 61. Kh6 {[%clk 0:00:30]} Nc5
{[%clk 0:00:42]} 62. Nf4 {[%clk 0:00:28]} Ne6 {[%clk 0:00:38]} 63. Nh5+
{[%clk 0:00:35]} Ke5 {[%clk 0:00:47]} 64. Kg6 {[%clk 0:00:44]} Nd4
{[%clk 0:00:49]} 65. Ng7 {[%clk 0:00:43]} Ke4 {[%clk 0:00:59]} 66. Nh5
{[%clk 0:00:39]} Kf3 {[%clk 0:00:51]} 67. Kf6 {[%clk 0:00:40]} Ne2
{[%clk 0:01:00]} 0-1

[Event "World Cup 2017"]
[Site "Tbilisi"]
[Date "2017.09.08"]
[Round "13.1"]
[White "Bluebaum Matthias (GER)"]
[Black "So Wesley (USA)"]
[Result "0-1"]
[BlackElo "2792"]
[WhiteElo "2633"]
[LiveChessVersion "1.4.8"]

1. d4 {[%clk 0:10:18]} Nf6 {[%clk 0:10:19]} 2. c4 {[%clk 0:10:27]} e6
{[%clk 0:10:28]} 3. Nf3 {[%clk 0:10:36]} d5 {[%clk 0:10:37]} 4. Nc3
{[%clk 0:10:45]} Be7 {[%clk 0:10:46]} 5. Bg5 {[%clk 0:10:52]} h6 {[%clk 0:10:54]}
6. Bxf6 {[%clk 0:11:00]} Bxf6 {[%clk 0:11:03]} 7. e3 {[%clk 0:11:09]} O-O
{[%clk 0:11:10]} 8. Qc2 {[%clk 0:11:18]} c5 {[%clk 0:11:10]} 9. dxc5
{[%clk 0:11:26]} dxc4 {[%clk 0:11:19]} 10. Bxc4 {[%clk 0:11:34]} Nd7
{[%clk 0:11:28]} 11. c6 {[%clk 0:11:43]} bxc6 {[%clk 0:11:37]} 12. O-O
{[%clk 0:11:48]} Rb8 {[%clk 0:11:39]} 13. Rac1 {[%clk 0:11:38]} Qa5
{[%clk 0:11:22]} 14. b3 {[%clk 0:11:15]} c5 {[%clk 0:10:03]} 15. Ne4
{[%clk 0:10:39]} Bb7 {[%clk 0:09:00]} 16. Rfd1 {[%clk 0:10:40]} Rfd8
{[%clk 0:07:17]} 17. Rd2 {[%clk 0:08:41]} Bxe4 {[%clk 0:06:31]} 18. Qxe4
{[%clk 0:08:48]} Bc3 {[%clk 0:05:34]} 19. Rdc2 {[%clk 0:07:36]} Nf6
{[%clk 0:05:38]} 20. Qf4 {[%clk 0:07:08]} Bb4 {[%clk 0:05:47]} 21. Ne5
{[%clk 0:06:16]} Qc7 {[%clk 0:05:32]} 22. Nd3 {[%clk 0:06:07]} Qxf4
{[%clk 0:05:37]} 23. Nxf4 {[%clk 0:06:12]} Rd6 {[%clk 0:05:04]} 24. g3
{[%clk 0:04:23]} Rbd8 {[%clk 0:04:44]} 25. a4 {[%clk 0:03:14]} Ng4
{[%clk 0:03:51]} 26. Be2 {[%clk 0:02:38]} Ne5 {[%clk 0:03:53]} 27. Kf1
{[%clk 0:02:08]} Nc6 {[%clk 0:03:19]} 28. Bc4 {[%clk 0:01:16]} g5
{[%clk 0:03:10]} 29. Nh5 {[%clk 0:01:13]} Kf8 {[%clk 0:02:32]} 30. Nf6
{[%clk 0:00:59]} Ke7 {[%clk 0:01:38]} 31. Ne4 {[%clk 0:01:07]} Rd1+
{[%clk 0:01:47]} 32. Rxd1 {[%clk 0:01:10]} Rxd1+ {[%clk 0:01:55]} 33. Kg2
{[%clk 0:01:19]} Na5 {[%clk 0:01:38]} 34. Be2 {[%clk 0:01:06]} Rd8
{[%clk 0:01:36]} 35. Bc4 {[%clk 0:00:23]} f5 {[%clk 0:01:39]} 36. Nc3
{[%clk 0:00:32]} Nxc4 37. bxc4 {[%clk 0:00:41]} Rd3 {[%clk 0:01:55]} 38. Ne2
{[%clk 0:00:15]} Ra3 {[%clk 0:02:03]} 39. g4 {[%clk 0:00:15]} fxg4
{[%clk 0:02:07]} 40. Ng3 {[%clk 0:00:19]} Rxa4 {[%clk 0:02:12]} 41. Ne4
{[%clk 0:00:28]} Ra1 {[%clk 0:02:10]} 42. f3 {[%clk 0:00:21]} gxf3+
{[%clk 0:02:15]} 43. Kxf3 {[%clk 0:00:30]} a5 {[%clk 0:02:03]} 44. Kg4
{[%clk 0:00:38]} Re1 {[%clk 0:02:08]} 45. Kh5 {[%clk 0:00:17]} Rxe3
{[%clk 0:02:15]} 46. Ng3 {[%clk 0:00:24]} Rc3 {[%clk 0:02:04]} 47. Re2
{[%clk 0:00:26]} Rxc4 {[%clk 0:02:00]} 48. Kxh6 {[%clk 0:00:35]} g4
{[%clk 0:02:08]} 49. Kg6 {[%clk 0:00:37]} a4 {[%clk 0:02:08]} 0-1

[Event "World Cup 2017"]
[Site "Tbilisi"]
[Date "2017.09.08"]
[Round "13.2"]
[White "Caruana Fabiano (USA)"]
[Black "Lenic Luka (SLO)"]
[Result "1-0"]
[BlackElo "2646"]
[WhiteElo "2799"]
[LiveChessVersion "1.4.8"]

1. e4 {[%clk 0:10:19]} c5 {[%clk 0:10:19]} 2. Nf3 {[%clk 0:10:27]} Nc6
{[%clk 0:10:28]} 3. Bb5 {[%clk 0:10:36]} e6 {[%clk 0:10:37]} 4. O-O
{[%clk 0:10:44]} Nge7 {[%clk 0:10:46]} 5. d4 {[%clk 0:10:52]} cxd4
{[%clk 0:10:54]} 6. Nxd4 {[%clk 0:10:57]} Qb6 {[%clk 0:11:03]} 7. Nxc6
{[%clk 0:11:05]} dxc6 {[%clk 0:11:11]} 8. Bc4 {[%clk 0:11:13]} Ng6
{[%clk 0:11:19]} 9. Kh1 {[%clk 0:11:21]} Qc7 {[%clk 0:11:23]} 10. f4
{[%clk 0:11:16]} Bd6 {[%clk 0:11:32]} 11. e5 {[%clk 0:10:35]} Be7
{[%clk 0:11:40]} 12. Nc3 {[%clk 0:10:41]} O-O {[%clk 0:11:18]} 13. Bd3
{[%clk 0:10:44]} b6 {[%clk 0:11:24]} 14. a4 {[%clk 0:10:01]} a6 {[%clk 0:09:32]}
15. Be4 {[%clk 0:08:18]} Bb7 {[%clk 0:09:37]} 16. Be3 {[%clk 0:08:26]} c5
{[%clk 0:09:35]} 17. g3 {[%clk 0:08:22]} f5 {[%clk 0:08:11]} 18. exf6
{[%clk 0:07:29]} Bxf6 {[%clk 0:08:19]} 19. Qf3 {[%clk 0:07:37]} Bxe4
{[%clk 0:07:54]} 20. Qxe4 {[%clk 0:06:52]} Bxc3 {[%clk 0:07:05]} 21. bxc3
{[%clk 0:07:01]} Rae8 {[%clk 0:06:58]} 22. Rad1 {[%clk 0:06:12]} Re7
{[%clk 0:04:54]} 23. Rf2 {[%clk 0:05:51]} Rd8 {[%clk 0:04:51]} 24. Rxd8+
{[%clk 0:05:34]} Qxd8 {[%clk 0:05:00]} 25. Rd2 {[%clk 0:05:40]} Qc7
{[%clk 0:04:14]} 26. Qa8+ {[%clk 0:04:52]} Kf7 {[%clk 0:02:53]} 27. Qxa6
{[%clk 0:04:55]} Qb7+ {[%clk 0:02:47]} 28. Qxb7 {[%clk 0:05:03]} Rxb7
{[%clk 0:02:56]} 29. a5 {[%clk 0:04:00]} bxa5 {[%clk 0:02:43]} 30. Bxc5
{[%clk 0:04:08]} Ne7 {[%clk 0:01:44]} 31. Rd8 {[%clk 0:03:33]} Nd5
{[%clk 0:00:49]} 32. Bd4 {[%clk 0:02:39]} a4 {[%clk 0:00:20]} 33. Ra8
{[%clk 0:02:42]} Rb1+ {[%clk 0:00:12]} 34. Kg2 {[%clk 0:02:50]} Rc1
{[%clk 0:00:13]} 35. Ra7+ {[%clk 0:01:52]} Kg6 {[%clk 0:00:22]} 36. Rxg7+
{[%clk 0:01:33]} Kh6 {[%clk 0:00:31]} 37. Ra7 {[%clk 0:01:25]} Nxc3
{[%clk 0:00:28]} 38. Kh3 {[%clk 0:01:06]} Nb5 {[%clk 0:00:14]} 39. Rxa4
{[%clk 0:01:14]} Rxc2 {[%clk 0:00:18]} 40. Be5 {[%clk 0:01:12]} Kg6
{[%clk 0:00:22]} 41. Ra6 {[%clk 0:01:09]} Kf7 {[%clk 0:00:13]} 42. Rb6
{[%clk 0:01:17]} Rc5 {[%clk 0:00:16]} 43. Rb7+ {[%clk 0:01:24]} Kg6
{[%clk 0:00:24]} 44. Rg7+ {[%clk 0:01:21]} Kh6 {[%clk 0:00:33]} 45. Rg5
{[%clk 0:01:28]} 1-0